| 000 | 00747cam a22002413a 4500 | ||
|---|---|---|---|
| 001 | 36122 | ||
| 003 | PGUSA | ||
| 005 | 20140828083759.0 | ||
| 008 | 110516s2011||||xxu|||||s|||||000 1 eng d | ||
| 040 |
_aPGUSA _beng |
||
| 042 | _adc | ||
| 050 | 4 | _aPZ | |
| 100 | 1 |
_aWesterman, Percy F. _q(Percy Francis), _d1876-1959 |
|
| 245 | 1 | 4 |
_aThe Winning of the Golden Spurs _h[electronic resource] / _cPercy F. Westerman |
| 260 |
_bProject Gutenberg, _c2011 |
||
| 506 | _aPublic domain in the USA. | ||
| 516 | _aElectronic text | ||
| 653 | _aAdventure stories | ||
| 653 | _aGreat Britain -- History -- Edward III, 1327-1377 -- Juvenile fiction | ||
| 830 | 0 |
_aProject Gutenberg _v36122 |
|
| 856 | 4 | 0 | _uhttp://www.gutenberg.org/ebooks/36122 |
| 942 | _cEB | ||
| 999 |
_c265377 _d265377 |
||